Vývojové prostredie pre jazyk Robot Framework v editore Vim

Saved in:
Bibliographic Details
Main Author: Braniša, Samuel (Author)
Other Authors: Vojtko, Martin (Thesis advisor)
Format: Manuscript Book
Language:Slovak
Published: 2021
Subjects:
Online Access:http://is.stuba.sk/zp/portal_zp.pl?podrobnosti=148161
Tags: Add Tag
No Tags, Be the first to tag this record!

MARC

LEADER 00000ntm a22000003a 4500
001 stuzp85442
003 SK-STU
005 20210626212224.5
007 ta
008 150427s2015----xo-----f-mn---000-0-slo-d
040 |a STU  |b slo 
041 0 |a slo 
100 1 |a Braniša, Samuel  |u 070400  |4 aut  |U FIIT Fakulta informatiky a informačných technológií  |T FIIT Ústav počítačového inžinierstva a aplikovanej informatiky  |X 96680  |U I400  |Y 672  |7 96680 
242 0 1 |a Vim as an IDE for Robot Framework  |y eng 
245 1 0 |a Vývojové prostredie pre jazyk Robot Framework v editore Vim 
260 |c 2021 
650 4 |a CI/CD  |2 slo 
650 4 |a Vim  |2 slo 
650 4 |a Robot Framework  |2 slo 
650 4 |a Docker  |2 slo 
650 4 |a IDE  |2 slo 
650 4 |a Robot Framework  |2 eng 
650 4 |a IDE  |2 eng 
650 4 |a Docker  |2 eng 
650 4 |a CI/CD  |2 eng 
650 4 |a Vim  |2 eng 
700 1 |a Vojtko, Martin  |u 070100  |k Z3  |4 ths  |U FIIT Fakulta informatiky a informačných technológií  |T FIIT Ústav počítačových systémov a sietí  |X 48035  |U I100  |Y 178  |7 48035 
856 4 |u http://is.stuba.sk/zp/portal_zp.pl?podrobnosti=148161